[Event "San Francisco TNM Spring op"]
[Site "San Francisco"]
[Date "2009.04.07"]
[Round "4"]
[White "Krasnov, Steven Lender"]
[Black "Naroditsky, Alan"]
[Result "1-0"]
[WhiteElo "1941"]
[BlackElo "2025"]
[PlyCount "91"]
[EventDate "2009.03.16"]
[EventType "swiss"]
[EventRounds "8"]
[EventCountry "USA"]
[SourceTitle "EXT 2012"]
[Source "ChessBase"]
[SourceDate "2011.11.24"]
[SourceVersion "1"]
[SourceVersionDate "2011.11.24"]
[SourceQuality "1"]

1. g3 f5 2. Nf3 Nf6 3. c4 d6 4. d4 g6 5. Nc3 Bg7 6. Bg2 0-0 7. 0-0 Qe8 8. e4 Nxe4 9. Nxe4 fxe4 10. Ng5 Nc6 11. Be3 e5 12. dxe5 Nxe5 13. Qd5+ Kh8 14. Qxe4 Ng4 15. Bd4 Bxd4 16. Qxd4+ Qe5 17. Rad1 Bf5 18. h3 Qxd4 19. Rxd4 Nf6 20. g4 Bd7 21. Re1 Rae8 22. Kf1 Rxe1+ 23. Kxe1 Re8+ 24. Kd2 h6 25. Ne4 Nxe4+ 26. Bxe4 Kg7 27. c5 d5 28. Bxd5 Bb5 29. Bf3 Rf8 30. Ke3 Rf6 31. Bxb7 g5 32. Bg2 Re6+ 33. Be4 Re5 34. b4 Re6 35. f4 gxf4+ 36. Kxf4 Ra6 37. Rd2 Ra4 38. Rb2 Bc4 39. Bc6 Ra6 40. Bb7 Ra4 41. Ke5 Bxa2 42. Bd5 Bxd5 43. Kxd5 Ra6 44. Re2 Kf7 45. Rf2+ Kg7 46. b5 1-0

[Event "Pardubice Jihlavanka op-B 19th"]
[Site "Pardubice"]
[Date "2008.07.24"]
[Round "7"]
[White "Van den Berg, Hilke"]
[Black "Naroditsky, Alan"]
[Result "1-0"]
[WhiteElo "2195"]
[BlackElo "2136"]
[PlyCount "71"]
[EventDate "2008.07.18"]
[EventType "swiss"]
[EventRounds "9"]
[EventCountry "CZE"]
[SourceTitle "CBM 125 Extra"]
[Source "ChessBase"]
[SourceDate "2008.09.01"]
[SourceVersion "1"]
[SourceVersionDate "2008.09.01"]
[SourceQuality "1"]

1. d4 f5 2. Nc3 d5 3. Bg5 g6 4. Nf3 Bg7 5. e3 Nf6 6. h4 h6 7. Bf4 Nh5 8. Ne5 Nxf4 9. exf4 Bxe5 10. fxe5 h5 11. Ne2 e6 12. Nf4 Kf7 13. Qf3 c6 14. Qg3 Qg8 15. Be2 Nd7 16. b3 Nb6 17. Rh3 Qg7 18. Qg5 Bd7 19. Rg3 Rag8 20. Nxh5 Qh6 21. Nf6 Qxg5 22. Rxg5 Rc8 23. h5 gxh5 24. Bxh5+ Kf8 25. b4 Be8 26. Be2 Bf7 27. Kd2 Rh4 28. c3 Rh2 29. f3 Ra8 30. a4 a5 31. bxa5 Rxa5 32. Rb1 Nxa4 33. Rxb7 c5 34. Rb8+ Ke7 35. Rg7 cxd4 36. Re8# 1-0

[Event "Pardubice Jihlavanka op-B 19th"]
[Site "Pardubice"]
[Date "2008.07.23"]
[Round "6"]
[White "Naroditsky, Alan"]
[Black "Jagodzinski, Piotr"]
[Result "1-0"]
[WhiteElo "2136"]
[BlackElo "2216"]
[PlyCount "93"]
[EventDate "2008.07.18"]
[EventType "swiss"]
[EventRounds "9"]
[EventCountry "CZE"]
[SourceTitle "CBM 125 Extra"]
[Source "ChessBase"]
[SourceDate "2008.09.01"]
[SourceVersion "1"]
[SourceVersionDate "2008.09.01"]
[SourceQuality "1"]

1. e4 c6 2. d4 d5 3. Nd2 e6 4. Ngf3 Nd7 5. Bd3 dxe4 6. Nxe4 Ngf6 7. Qe2 Nxe4 8. Qxe4 Bd6 9. Bd2 Nf6 10. Qe2 Qb6 11. 0-0-0 Bd7 12. g3 Qc7 13. Ne5 b5 14. f4 0-0 15. g4 Rfc8 16. g5 Nd5 17. Bxh7+ Kf8 18. Be4 Be8 19. Qh5 g6 20. Qh8+ Ke7 21. Bxd5 Bxe5 22. fxe5 cxd5 23. Bb4+ Kd7 24. Bc5 Kc6 25. h4 Kb7 26. h5 gxh5 27. Rxh5 Qa5 28. Kb1 Rc7 29. Rh3 Qa6 30. Qf8 Qc6 31. Rh8 Rac8 32. Qd6 Bd7 33. Rxc8 Bxc8 34. Rf1 Qxd6 35. Bxd6 Rd7 36. Rf3 Ka8 37. Rb3 Rb7 38. Rc3 Bd7 39. Rf3 Be8 40. g6 f5 41. Rh3 Rg7 42. Rh8 Rxg6 43. Rxe8+ Kb7 44. b3 Rg4 45. Re7+ Kc6 46. Bc5 Rg6 47. Rxa7 1-0

[Event "Pardubice Jihlavanka op-B 19th"]
[Site "Pardubice"]
[Date "2008.07.20"]
[Round "3"]
[White "Golcman, Evgeny"]
[Black "Naroditsky, Alan"]
[Result "1-0"]
[WhiteElo "2255"]
[BlackElo "2136"]
[PlyCount "63"]
[EventDate "2008.07.18"]
[EventType "swiss"]
[EventRounds "9"]
[EventCountry "CZE"]
[SourceTitle "CBM 125 Extra"]
[Source "ChessBase"]
[SourceDate "2008.09.01"]
[SourceVersion "1"]
[SourceVersionDate "2008.09.01"]
[SourceQuality "1"]

1. c4 f5 2. Nf3 Nf6 3. g3 g6 4. Bg2 Bg7 5. 0-0 d6 6. d4 0-0 7. Nc3 Qe8 8. d5 Na6 9. Nd4 Bd7 10. Rb1 c5 11. Ne6 Bxe6 12. dxe6 Qc8 13. Nd5 Nxd5 14. cxd5 c4 15. Bg5 Bf6 16. Bh6 b5 17. e4 fxe4 18. Bxf8 Qxf8 19. Bxe4 Qg7 20. Qe2 Nc5 21. b3 Nxe4 22. Qxe4 c3 23. a4 Rb8 24. axb5 Rxb5 25. b4 Bd4 26. Rfd1 Rxd5 27. Qxd5 c2 28. Rbc1 cxd1Q+ 29. Rxd1 Bb6 30. Rd3 Qf8 31. Rf3 Qc8 32. Rf7 1-0

[Event "San Francisco TNM Spring op"]
[Site "San Francisco"]
[Date "2006.04.25"]
[Round "5"]
[White "Starr, Albert Martin"]
[Black "Naroditsky, Alan"]
[Result "0-1"]
[WhiteElo "1516"]
[BlackElo "1658"]
[PlyCount "104"]
[EventDate "2006.03.28"]
[EventType "swiss"]
[EventRounds "8"]
[EventCountry "USA"]
[SourceTitle "EXT 2007"]
[Source "ChessBase"]
[SourceDate "2006.11.23"]
[SourceVersion "1"]
[SourceVersionDate "2006.11.23"]
[SourceQuality "1"]

1. b4 d5 2. e3 e5 3. b5 Nf6 4. Bb2 Bd6 5. Nf3 Nbd7 6. Be2 c6 7. a4 Qc7 8. g3 0-0 9. 0-0 Nc5 10. d3 Bh3 11. Re1 Ne6 12. Nbd2 Rad8 13. Ra2 e4 14. Nd4 c5 15. Nxe6 fxe6 16. Bf1 Bg4 17. Qa1 exd3 18. cxd3 Nh5 19. f4 Bf5 20. Nf3 Nf6 21. Be5 Bxe5 22. Qxe5 Qa5 23. Rc1 Rfe8 24. Qc3 Qxc3 25. Rxc3 Nd7 26. h3 e5 27. g4 Be6 28. d4 cxd4 29. exd4 exf4 30. Ng5 Nf8 31. Nxe6 Nxe6 32. Rd2 Ng5 33. Re2 Rxe2 34. Bxe2 Re8 35. Bf1 Ne6 36. Bg2 Rd8 37. Rd3 Ng5 38. h4 Ne4 39. Rf3 Rf8 40. g5 h6 41. g6 h5 42. Bh3 Rf6 43. Kh2 Nd2 44. Rc3 Nc4 45. Bc8 Nd6 46. Rc5 f3 47. Kg1 f2+ 48. Kf1 Ne4 49. Be6+ Kf8 50. Rc8+ Ke7 51. Bh3 Ng3+ 52. Kg2 f1Q+ 0-1

[Event "San Francisco TNM Winter op"]
[Site "San Francisco"]
[Date "2006.02.21"]
[Round "6"]
[White "Naroditsky, Alan"]
[Black "Dupree, Charles"]
[Result "1/2-1/2"]
[WhiteElo "1660"]
[BlackElo "1772"]
[PlyCount "120"]
[EventDate "2006.01.10"]
[EventType "swiss"]
[EventRounds "7"]
[EventCountry "USA"]
[SourceTitle "EXT 2007"]
[Source "ChessBase"]
[SourceDate "2006.11.23"]
[SourceVersion "1"]
[SourceVersionDate "2006.11.23"]
[SourceQuality "1"]

1. Nf3 c5 2. b3 d5 3. e3 Nf6 4. Bb2 e6 5. d4 Nc6 6. Bd3 Bd7 7. 0-0 cxd4 8. exd4 Bd6 9. c4 dxc4 10. bxc4 0-0 11. Nc3 Ne7 12. Qc2 h6 13. Rfd1 Bc6 14. Ne4 Nxe4 15. Bxe4 Rc8 16. Rac1 Qa5 17. Bc3 Qa4 18. Qxa4 Bxa4 19. Rd3 Rxc4 20. Bxb7 Rb8 21. Be4 f5 22. Nd2 Rxc3 23. Rdxc3 Bf4 24. Bc2 Bxd2 25. Bxa4 Bxc3 26. Bb3 Bxd4 27. Bxe6+ Kf8 28. Rd1 Rb2 29. g3 Bxf2+ 30. Kf1 Bb6 31. h4 g6 32. Rd3 Kg7 33. Rd7 Kf6 34. Bb3 Rb1+ 35. Ke2 Rc1 36. Rd6+ Kg7 37. Re6 Nc6 38. Kd2 Rc5 39. Rd6 Nd8 40. Ke2 Rc3 41. Rd7+ Kf6 42. Rd6+ Kg7 43. Rd7+ Kf8 44. Rh7 Rxg3 45. Rxh6 f4 46. h5 f3+ 47. Kd2 Rg2+ 48. Kc3 gxh5 49. Rf6+ Kg7 50. Rxf3 h4 51. Rf1 Rg3+ 52. Kb2 Nc6 53. Rh1 h3 54. Be6 Rg2+ 55. Ka3 Bc5+ 56. Ka4 h2 57. Bd5 Rxa2+ 58. Bxa2 Bg1 59. Kb5 Nd4+ 60. Ka6 Ne2 1/2-1/2

[Event "San Francisco TNM Winter op"]
[Site "San Francisco"]
[Date "2006.01.31"]
[Round "4"]
[White "Naroditsky, Alan"]
[Black "Wong, Russell"]
[Result "1/2-1/2"]
[WhiteElo "1660"]
[BlackElo "2200"]
[PlyCount "26"]
[EventDate "2006.01.10"]
[EventType "swiss"]
[EventRounds "7"]
[EventCountry "USA"]
[SourceTitle "EXT 2007"]
[Source "ChessBase"]
[SourceDate "2006.11.23"]
[SourceVersion "1"]
[SourceVersionDate "2006.11.23"]
[SourceQuality "1"]

1. Nf3 d5 2. b3 c5 3. e4 dxe4 4. Ne5 Qd4 5. Bb2 Qxb2 6. Nc3 Qa3 7. Bb5+ Bd7 8. Nc4 Qb4 9. Bxd7+ Nxd7 10. a3 Qxc3 11. dxc3 g6 12. Qd5 Bg7 13. 0-0 Ngf6 1/2-1/2

[Event "San Francisco MI Fall op"]
[Site "San Francisco"]
[Date "2005.11.29"]
[Round "5"]
[White "Naroditsky, Alan"]
[Black "Dupree, Charles"]
[Result "0-1"]
[WhiteElo "1687"]
[BlackElo "1848"]
[PlyCount "70"]
[EventDate "2005.11.08"]
[EventType "swiss"]
[EventRounds "8"]
[EventCountry "USA"]
[SourceTitle "EXT 2007"]
[Source "ChessBase"]
[SourceDate "2006.11.23"]
[SourceVersion "1"]
[SourceVersionDate "2006.11.23"]
[SourceQuality "1"]

1. Nf3 Nf6 2. b3 c5 3. Bb2 e6 4. e3 b6 5. d4 Bb7 6. Be2 Be7 7. 0-0 0-0 8. c4 d6 9. Nc3 Nbd7 10. Qc2 a6 11. Rfd1 Qc7 12. Rd2 Rac8 13. Rad1 Rfd8 14. Ne1 d5 15. cxd5 cxd4 16. Rxd4 Nxd5 17. Nxd5 exd5 18. Qxc7 Rxc7 19. R4d2 Bb4 20. Rc2 Rdc8 21. Rdc1 Rxc2 22. Rxc2 Bxe1 23. Rxc8+ Bxc8 24. a3 Nc5 25. Kf1 Bd2 26. Bd1 Ne4 27. f3 Bc3 28. fxe4 Bxb2 29. exd5 Bxa3 30. e4 Bd6 31. Kf2 f5 32. Bc2 fxe4 33. Bxe4 Kf7 34. h3 g6 35. g4 Kf6 0-1

[Event "San Francisco MI Fall op"]
[Site "San Francisco"]
[Date "2005.11.08"]
[Round "2"]
[White "Grey, Peter G"]
[Black "Naroditsky, Alan"]
[Result "1/2-1/2"]
[WhiteElo "2021"]
[BlackElo "1687"]
[PlyCount "53"]
[EventDate "2005.11.08"]
[EventType "swiss"]
[EventRounds "8"]
[EventCountry "USA"]
[SourceTitle "EXT 2007"]
[Source "ChessBase"]
[SourceDate "2006.11.23"]
[SourceVersion "1"]
[SourceVersionDate "2006.11.23"]
[SourceQuality "1"]

1. e4 c5 2. Nf3 d6 3. d4 cxd4 4. Nxd4 Nf6 5. Nc3 a6 6. Be2 b5 7. Bf3 e5 8. Nf5 Bb7 9. Bg5 h6 10. Bxf6 Qxf6 11. Nd5 Qd8 12. Qd2 Nc6 13. a4 g6 14. Nfe3 Nd4 15. axb5 axb5 16. Rxa8 Bxa8 17. Be2 Bc6 18. 0-0 Be7 19. f4 0-0 20. c3 Nxe2+ 21. Qxe2 exf4 22. Rxf4 Bg5 23. Rf1 Re8 24. Qf2 Bxe3 25. Nxe3 Qd7 26. Ng4 Qxg4 27. Qxf7+ 1/2-1/2

[Event "San Francisco Capps Memorial"]
[Site "San Francisco"]
[Date "2005.11.05"]
[Round "2"]
[White "Naroditsky, Alan"]
[Black "Yamamoto, Craig"]
[Result "0-1"]
[WhiteElo "1687"]
[BlackElo "1577"]
[PlyCount "52"]
[EventDate "2005.11.05"]
[EventType "swiss"]
[EventRounds "6"]
[EventCountry "USA"]
[SourceTitle "EXT 2007"]
[Source "ChessBase"]
[SourceDate "2006.11.23"]
[SourceVersion "1"]
[SourceVersionDate "2006.11.23"]
[SourceQuality "1"]

1. Nf3 d5 2. b3 Nf6 3. Bb2 Nbd7 4. e3 e6 5. d4 c5 6. c4 cxd4 7. exd4 dxc4 8. bxc4 b6 9. Nc3 Bb7 10. Bd3 Be7 11. 0-0 0-0 12. Qe2 Re8 13. a4 Nf8 14. Rfd1 Ng6 15. Bc1 Bxf3 16. Qxf3 Bb4 17. Bb2 e5 18. Bxg6 hxg6 19. dxe5 Nd7 20. Qc6 Nxe5 21. Qb5 Qh4 22. Re1 Bc5 23. Nd1 Nf3+ 24. gxf3 Rxe1+ 25. Kg2 Qg5+ 26. Kh3 Rg1 0-1